[Event "PRO League Group Stage"]
[Site "chess.com INT"]
[Date "2020.02.17"]
[Round "7"]
[White "Gozzoli, Yannick"]
[Black "Dvirnyy, Danyyil"]
[Result "1-0"]
[WhiteTitle "GM"]
[BlackTitle "GM"]
[WhiteElo "2604"]
[BlackElo "2485"]
[WhiteTeam "France Roosters"]
[BlackTeam "Italy Gladiators"]
[WhiteFideId "616915"]
[BlackFideId "817570"]
[EventDate "2020.01.06"]

1. d4 d5 2. c4 c6 3. Nc3 Nf6 4. Nf3 e6 5. Bg5 h6 6. Bxf6 Qxf6 7. e3 Nd7 8. Bd3
dxc4 9. Bxc4 Bd6 10. O-O Qe7 11. Qc2 O-O 12. Rad1 a6 13. Ne4 Bb8 14. a3 b6 15.
Ba2 Bb7 16. Bb1 g6 17. Nc3 Rd8 18. Ba2 Kg7 19. e4 Ba7 20. Rfe1 Rac8 21. b4 Nf8
22. Qb2 Qf6 23. h3 Ba8 24. Nh2 h5 25. e5 Qe7 26. Ne4 c5 27. Nd6 cxd4 28. f4 b5
29. Nxc8 Rxc8 30. Rd3 Rc3 31. Bb1 Qh4 32. Qf2 Qe7 33. Nf3 Bxf3 34. Qxf3 h4 35.
Kh2 Rc7 36. Qf1 Nd7 37. Rc1 Nb8 38. Rdd1 Rxc1 39. Rxc1 Bb6 40. Be4 Qd7 41. Qd3
a5 42. Qc2 axb4 43. axb4 Qe7 44. Qc8 Qxb4 45. Qxb8 Qd2 46. Rf1 Qe2 47. Rf3 Bc5
48. Bd3 Qe1 49. Qxb5 Bb4 50. Qc4 Bc3 51. Qa4 Bd2 52. Qxd4 Qc1 53. Qe4 Be1 54.
Qe3 Qc3 55. Bf1 Bg3+ 56. Rxg3 hxg3+ 57. Qxg3 1-0

[Event "PRO League Group Stage"]
[Site "chess.com INT"]
[Date "2020.02.17"]
[Round "7"]
[White "Libiszewski, Fabien"]
[Black "Gilevych, Artem"]
[Result "0-1"]
[WhiteTitle "GM"]
[BlackTitle "IM"]
[WhiteElo "2522"]
[BlackElo "2415"]
[WhiteTeam "France Roosters"]
[BlackTeam "Italy Gladiators"]
[WhiteFideId "616834"]
[BlackFideId "14121379"]
[EventDate "2020.01.06"]

1. e4 e6 2. d4 d5 3. e5 c5 4. c3 Ne7 5. Nf3 Nec6 6. Bd3 b6 7. Qe2 a5 8. a4 Ba6
9. Bb5 Be7 10. O-O O-O 11. Nbd2 cxd4 12. Nxd4 Nxd4 13. cxd4 Qc8 14. Nb1 Nc6 15.
Be3 Bxb5 16. axb5 Nb4 17. Rc1 Qd7 18. Nc3 Rfc8 19. g3 Bd8 20. h4 Ra7 21. h5 h6
22. Kg2 Rc4 23. b3 Rc8 24. Na4 Raa8 25. Bd2 Nc2 26. Bxh6 Nxd4 27. Qg4 Nf5 28.
Bg5 Kh7 29. Bxd8 Qxd8 30. Qf4 d4 31. Qe4 Kg8 32. Rc6 Rxc6 33. bxc6 Rc8 34. g4
Ne7 35. Rc1 b5 36. Nb2 Qb6 37. c7 Rxc7 38. Rxc7 Qxc7 39. Qxd4 Nd5 40. Nd3 Qc2
41. Nc5 b4 42. Kf3 a4 43. bxa4 b3 44. Nd3 Qd1+ 45. Kg2 Qxd3 0-1

[Event "PRO League Group Stage"]
[Site "chess.com INT"]
[Date "2020.02.17"]
[Round "7"]
[White "Klekowski, Maciej"]
[Black "Tomczak, Jacek"]
[Result "1-0"]
[WhiteTitle "IM"]
[BlackTitle "GM"]
[WhiteElo "2515"]
[BlackElo "2603"]
[WhiteTeam "Poland Hussars"]
[BlackTeam "Germany Bears"]
[WhiteFideId "1132717"]
[BlackFideId "1124668"]
[EventDate "2020.01.06"]

1. c4 e5 2. g3 Nf6 3. Bg2 d5 4. cxd5 Nxd5 5. Nc3 Nb6 6. e3 Nc6 7. Nge2 h5 8. d4
h4 9. d5 Nb8 10. O-O hxg3 11. fxg3 Qg5 12. Rf2 Qh5 13. Bf3 Bg4 14. Bxg4 Qxg4 15.
Nb5 Na6 16. Qc2 O-O-O 17. Rxf7 Nxd5 18. Qf5+ Qxf5 19. Rxf5 Nf6 20. Nbc3 Ng4 21.
h4 Bc5 22. Kg2 Nb4 23. Kh3 g6 24. Rg5 Nf2+ 25. Kg2 Nfd3 26. Rxg6 Nc2 27. Rb1
Nce1+ 28. Kh2 Rdf8 29. Ne4 Be7 30. N2c3 Rf1 31. Bd2 Nf3+ 32. Kg2 Nxd2 33. Rxf1
Nxf1 34. Kxf1 Nxb2 35. Re6 Bd8 36. Ke2 Nc4 37. Nd2 Nd6 38. Nce4 Nf7 39. Nf3 Kd7
40. Nc5+ Kc8 41. Nxe5 Nd6 42. Ng6 Rg8 43. h5 b6 44. Nd3 Kd7 45. Ndf4 Bg5 46.
Ne5+ Kc8 47. Rg6 Rxg6 48. Nexg6 Kd7 49. g4 b5 50. Ne5+ Kc8 51. Ne6 Bf6 52. Nf3
Ne4 53. g5 Kd7 54. Nf8+ Ke8 55. Nh7 Bh8 56. h6 Kf7 57. Nh4 Kg8 58. g6 Nd6 59.
Kf3 a5 60. e4 b4 61. Nf5 Nc8 62. Kf4 a4 63. e5 b3 64. Nf6+ Bxf6 65. exf6 bxa2
66. f7+ Kf8 67. g7+ Kxf7 68. h7 Ne7 69. h8=Q a1=Q 70. g8=Q+ Nxg8 71. Qxa1 1-0

[Event "PRO League Group Stage"]
[Site "chess.com INT"]
[Date "2020.02.17"]
[Round "7"]
[White "Kashlinskaya, Alina"]
[Black "Braun, Arik"]
[Result "1-0"]
[WhiteTitle "IM"]
[BlackTitle "GM"]
[WhiteElo "2484"]
[BlackElo "2605"]
[WhiteTeam "Poland Hussars"]
[BlackTeam "Germany Bears"]
[WhiteFideId "4198026"]
[BlackFideId "4663527"]
[EventDate "2020.01.06"]

1. d4 g6 2. Nf3 Bg7 3. e4 d6 4. Nc3 Nf6 5. Be3 a6 6. Qd2 b5 7. Bd3 Bb7 8. Bh6
O-O 9. e5 dxe5 10. Bxg7 Kxg7 11. dxe5 Nh5 12. O-O-O Bxf3 13. gxf3 e6 14. Qe3 Qe7
15. Be4 c6 16. Rd6 Ra7 17. Rhd1 Rc7 18. f4 Kg8 19. Bf3 Ng7 20. Ne4 Nf5 21. Qd2
Qh4 22. Nf6+ Kg7 23. Rd8 Rc8 24. Rxf8 Rxf8 25. Kb1 Ne7 26. Qd6 Nf5 27. Qxf8+
Kxf8 28. Rd8+ Kg7 29. Rg8+ Kh6 30. Ng4+ Kh5 31. Rh8 g5 32. Nf6+ Kg6 33. Bh5+
Qxh5 34. Rg8+ Kh6 35. Nxh5 Nd7 36. Ng3 gxf4 37. Nxf5+ exf5 38. Re8 f3 39. e6
fxe6 40. Rxe6+ Kg5 41. Rxc6 Ne5 42. Rxa6 Ng4 43. Ra3 Nxh2 44. c4 bxc4 45. Rc3 h5
46. a4 h4 47. a5 h3 48. a6 Nf1 49. Rc1 Nd2+ 50. Kc2 Nb3 51. Rh1 Nd4+ 52. Kc3 Nc6
53. Rxh3 Kf4 54. Rh6 Na7 55. Rh7 1-0

[Event "PRO League Group Stage"]
[Site "chess.com INT"]
[Date "2020.02.17"]
[Round "7"]
[White "Kollars, Dmitrij"]
[Black "Plichta, Kamil"]
[Result "1/2-1/2"]
[WhiteTitle "GM"]
[BlackTitle "FM"]
[WhiteElo "2592"]
[BlackElo "2353"]
[WhiteTeam "Germany Bears"]
[BlackTeam "Poland Hussars"]
[WhiteFideId "12909572"]
[BlackFideId "1141830"]
[EventDate "2020.01.06"]

1. e4 c5 2. Nf3 e6 3. d4 cxd4 4. Nxd4 Nf6 5. Nc3 Nc6 6. Nxc6 bxc6 7. e5 Nd5 8.
Ne4 Bb7 9. Be2 c5 10. O-O Qc7 11. Nd6+ Bxd6 12. exd6 Qc6 13. f3 Qb6 14. c4 Nb4
15. Be3 a5 16. Qd2 O-O 17. f4 Rae8 18. Rad1 f6 19. a3 Nc6 20. Bf3 Rb8 21. Rf2
Nd4 22. Bxb7 Nb3 23. Qd3 Qxb7 24. h3 a4 25. Kh2 f5 26. g4 Qc6 27. Qc3 fxg4 28.
hxg4 Rf6 29. Kg3 Nd4 30. Bxd4 cxd4 31. Qxd4 Rb3+ 32. Rd3 Qh1 33. Rxb3 Qg1+ 34.
Kf3 axb3 35. Ke3 Qxg4 36. c5 Qg3+ 37. Kd2 Rf5 38. Ke2 Rd5 39. Qe3 Qg4+ 40. Qf3
Qg1 41. Qxb3 h5 42. c6 Qg4+ 43. Qf3 Qg1 44. Qxd5 exd5 45. c7 Qc1 46. Rf3 Qc4+
47. Kf2 d4 48. b3 Qc2+ 49. Kg1 Kf7 50. a4 Ke6 51. Rd3 Kxd6 52. Rxd4+ Kxc7 53.
Rc4+ Qxc4 54. bxc4 Kb6 55. Kh2 Ka5 56. Kh3 Kxa4 57. Kh4 Kb4 58. Kxh5 Kxc4 59.
Kg6 d5 60. Kxg7 d4 61. f5 d3 62. f6 d2 63. f7 d1=Q 64. f8=Q Qd4+ 65. Kf7 Qf4+
66. Kg8 Qxf8+ 67. Kxf8 1/2-1/2

[Event "PRO League Group Stage"]
[Site "chess.com INT"]
[Date "2020.02.17"]
[Round "7"]
[White "Mons, Leon"]
[Black "Polok, Kacper"]
[Result "1-0"]
[WhiteTitle "GM"]
[BlackTitle "FM"]
[WhiteElo "2554"]
[BlackElo "2313"]
[WhiteTeam "Germany Bears"]
[BlackTeam "Poland Hussars"]
[WhiteFideId "4614950"]
[BlackFideId "1137158"]
[EventDate "2020.01.06"]

1. Nf3 e6 2. c4 f5 3. d4 Nf6 4. e3 Bb4+ 5. Nbd2 O-O 6. Bd3 b6 7. O-O Bxd2 8.
Bxd2 Bb7 9. Bb4 d6 10. d5 a5 11. Bc3 exd5 12. Nd4 Bc8 13. Nxf5 dxc4 14. Bxc4+
Kh8 15. Qf3 d5 16. Bd3 Bxf5 17. Bxf5 h6 18. Qg3 Nbd7 19. Rad1 c6 20. e4 Qe7 21.
exd5 Nxd5 22. Rfe1 Qf7 23. Be6 Nxc3 24. Bxf7 Nxd1 25. Bb3 Rae8 26. Rxd1 Nc5 27.
Bc2 Rf6 28. Bg6 Ref8 29. h4 Ne6 30. h5 Nf4 31. Kh2 Ne2 32. Qe3 Rxf2 33. Qxf2
Rxf2 34. Rd8+ Rf8 35. Rxf8# 1-0

[Event "PRO League Group Stage"]
[Site "chess.com INT"]
[Date "2020.02.17"]
[Round "7"]
[White "Van Wely, Loek"]
[Black "Hellers, Ferdinand"]
[Result "1-0"]
[WhiteTitle "GM"]
[BlackTitle "GM"]
[WhiteElo "2609"]
[BlackElo "2592"]
[WhiteTeam "Netherlands Mosquitoes"]
[BlackTeam "Sweden Wasabis"]
[WhiteFideId "1000268"]
[BlackFideId "1700022"]
[EventDate "2020.01.06"]

1. Nf3 Nf6 2. c4 g6 3. d4 Bg7 4. g3 O-O 5. Bg2 d5 6. cxd5 Nxd5 7. O-O Nb6 8. Nc3
Nc6 9. d5 Na5 10. Qc2 c6 11. dxc6 Nxc6 12. Rd1 Bd7 13. Bf4 Rc8 14. Rac1 e5 15.
Bg5 f6 16. Qb3+ Kh8 17. Be3 Na5 18. Qb4 Nc6 19. Qb3 Na5 20. Bxb6 axb6 21. Qb4
Qc7 22. h4 Bf5 23. Nd5 Qxc1 24. Rxc1 Rxc1+ 25. Kh2 Be6 26. e4 Nc6 27. Qxb6 Rc2
28. h5 gxh5 29. Bh3 Bg4 30. Bxg4 hxg4 31. Nh4 Nd4 32. Kg2 f5 33. Ne3 Rc6 34.
Qxb7 fxe4 35. Nef5 Nxf5 36. Qxc6 e3 37. Nxf5 Rxf5 38. fxe3 h6 39. Qc8+ Rf8 40.
Qxg4 Rb8 41. b4 Bf8 42. a3 1-0

[Event "PRO League Group Stage"]
[Site "chess.com INT"]
[Date "2020.02.17"]
[Round "7"]
[White "Admiraal, Miguoel"]
[Black "Neiksans, Arturs"]
[Result "0-1"]
[WhiteTitle "IM"]
[BlackTitle "GM"]
[WhiteElo "2498"]
[BlackElo "2560"]
[WhiteTeam "Netherlands Mosquitoes"]
[BlackTeam "Sweden Wasabis"]
[WhiteFideId "1019716"]
[BlackFideId "11601388"]
[EventDate "2020.01.06"]

1. c3 Nf6 2. d4 d6 3. Bg5 Nbd7 4. Nd2 h6 5. Bh4 g5 6. Bg3 Nh5 7. e4 Nxg3 8. hxg3
Bg7 9. Bd3 c5 10. Ne2 a6 11. g4 cxd4 12. cxd4 Nf6 13. f3 h5 14. gxh5 Rxh5 15.
Rxh5 Nxh5 16. Qb3 e6 17. O-O-O b5 18. Kb1 Nf4 19. Nxf4 gxf4 20. e5 dxe5 21. dxe5
Qd4 22. Be4 Ra7 23. Bc6+ Bd7 24. Ne4 Qxe5 25. Qb4 a5 26. Rxd7 Rxd7 27. Qd2 Qd4
28. Bxb5 Ke7 29. Bxd7 Qxd7 30. Qxd7+ Kxd7 31. Kc2 f5 32. Nc5+ Ke7 33. b3 Bd4 34.
Nd3 e5 35. Nc1 Ke6 36. Ne2 Bf2 37. Kd3 Kd5 38. Nc3+ Kc5 39. a3 Be1 40. Ne2 Kd5
41. Nc1 e4+ 42. Ke2 Bc3 43. Na2 Bb2 44. b4 a4 45. b5 Kc5 46. Nb4 Kxb5 47. Nd5
Kc4 48. Nxf4 Bxa3 49. fxe4 fxe4 50. Nh3 Bb2 51. Kd2 a3 52. Kc2 Bd4 53. Ng5 a2
54. Nxe4 a1=Q 55. Nd2+ Kd5 56. g4 Qc3+ 57. Kd1 Be3 58. Nf1 Qd3+ 59. Ke1 Ke4 0-1

[Event "PRO League Group Stage"]
[Site "chess.com INT"]
[Date "2020.02.17"]
[Round "7"]
[White "Blomqvist, Erik"]
[Black "Klein, David"]
[Result "1/2-1/2"]
[WhiteTitle "GM"]
[BlackTitle "GM"]
[WhiteElo "2539"]
[BlackElo "2495"]
[WhiteTeam "Sweden Wasabis"]
[BlackTeam "Netherlands Mosquitoes"]
[WhiteFideId "1709437"]
[BlackFideId "1003623"]
[EventDate "2020.01.06"]

1. e4 a6 2. d4 h6 3. c4 d6 4. Nc3 Nc6 5. d5 Ne5 6. f4 Ng6 7. Nf3 e5 8. dxe6 fxe6
9. e5 dxe5 10. Qxd8+ Kxd8 11. fxe5 N8e7 12. Be3 Bd7 13. O-O-O Kc8 14. Bd3 Nf5
15. Bf2 Bc6 16. Be4 Bxe4 17. Nxe4 Be7 18. g4 Nfh4 19. Bxh4 Bxh4 20. Nxh4 Nxh4
21. Rhf1 b6 22. Rf7 g5 23. Rdd7 Ra7 24. Rde7 a5 25. Nd6+ Kb8 26. Nb5 Rb7 27.
Nxc7 Kc8 28. Nb5 Rxe7 29. Rxe7 Rf8 30. Rxe6 Rf4 31. Rxh6 Rxc4+ 32. Kd2 Rb4 33.
Na7+ Kb7 34. Rh7+ Ka6 35. Kc3 b5 36. b3 Rxg4 37. Nc8 b4+ 38. Kd3 Nf5 39. Ra7+
Kb5 40. Nd6+ Nxd6 41. exd6 Rg1 42. Ke4 Kb6 43. Ra8 Kc6 44. Ra6+ Kd7 45. Kd5 Rd1+
46. Ke5 Re1+ 47. Kf5 Re2 48. Rxa5 Rxh2 49. Kxg5 Kxd6 50. Kf4 Kc6 51. Ke4 Kb6 52.
Ra4 Kb5 53. Kd4 Rd2+ 54. Ke3 Rd8 55. Ra7 Re8+ 56. Kd3 Rd8+ 57. Kc2 Rc8+ 58. Kd3
Rd8+ 59. Kc2 Rc8+ 60. Kb2 Rh8 61. Rb7+ Kc5 62. Rc7+ Kb5 63. Rc2 Rd8 64. Rg2 Rd5
65. Kc2 Kc5 66. Rd2 Rh5 67. Rg2 Rd5 68. Rg8 Kb5 69. Rc8 Rd7 70. Rh8 Rd5 71. Rc8
Rd7 72. Rc4 Rd5 73. Rh4 Rg5 74. Rh2 Rd5 75. Rd2 Rh5 76. Kd3 Rh3+ 77. Kd4 Rh4+
78. Ke3 Rh3+ 79. Ke4 Rh4+ 80. Kd5 Rh5+ 81. Kd6 Rh6+ 82. Kc7 Rh7+ 83. Rd7 Rh5 84.
Rd2 Rh7+ 85. Rd7 Rh5 86. Rd2 Rh7+ 1/2-1/2

[Event "PRO League Group Stage"]
[Site "chess.com INT"]
[Date "2020.02.17"]
[Round "7"]
[White "Miezis, Normunds"]
[Black "Van der Lende, Ilias"]
[Result "1-0"]
[WhiteTitle "GM"]
[BlackTitle "IM"]
[WhiteElo "2484"]
[BlackElo "2393"]
[WhiteTeam "Sweden Wasabis"]
[BlackTeam "Netherlands Mosquitoes"]
[WhiteFideId "11600136"]
[BlackFideId "1019260"]
[EventDate "2020.01.06"]

1. c4 e5 2. Nc3 Bb4 3. g3 Bxc3 4. dxc3 Nc6 5. Bg2 Nge7 6. Nf3 O-O 7. e4 d6 8.
O-O b6 9. Qe2 a5 10. b3 Ng6 11. Rd1 Bb7 12. h4 h6 13. h5 Nge7 14. Nh4 Nb8 15.
Qg4 Kh8 16. Be3 Nd7 17. Qe2 Qe8 18. g4 f6 19. Nf5 Nc5 20. Bxc5 bxc5 21. Bf3 Nc6
22. Qd2 Qf7 23. Nh4 Rfb8 24. Qd5 Nd8 25. Ng6+ Kh7 26. Qd3 Ne6 27. Rab1 Ng5 28.
Bg2 Bc6 29. f4 Ne6 30. fxe5 fxe5 31. Rf1 Qd7 32. Rf5 Nf8 33. Rbf1 Nxg6 34. hxg6+
Kxg6 35. Qh3 Qe6 36. g5 h5 37. Rf6+ gxf6 38. Qxe6 1-0

[Event "PRO League Group Stage"]
[Site "chess.com INT"]
[Date "2020.02.17"]
[Round "7"]
[White "Diaz Camallonga, Carles"]
[Black "Narayanan, Srinath"]
[Result "0-1"]
[WhiteTitle "IM"]
[BlackTitle "GM"]
[WhiteElo "2474"]
[BlackElo "2535"]
[WhiteTeam "Spain Raptors"]
[BlackTeam "Norway Gnomes"]
[WhiteFideId "22235256"]
[BlackFideId "5018420"]
[EventDate "2020.01.06"]

1. e4 c6 2. Nf3 d5 3. Nc3 dxe4 4. Nxe4 Nf6 5. Qe2 Nxe4 6. Qxe4 Nd7 7. Bc4 Nf6 8.
Ne5 e6 9. Qe2 Qc7 10. d4 b5 11. Bd3 Bd6 12. O-O O-O 13. c3 a6 14. h3 Bb7 15. Bg5
Nd5 16. Qe4 f5 17. Qe2 c5 18. Nf3 Rae8 19. dxc5 Bxc5 20. Ne5 Bd6 21. Rae1 Nf6
22. Bc1 Ne4 23. Bxe4 Bxe4 24. f3 Qc5+ 25. Qe3 Qxe5 26. fxe4 Bc5 0-1

[Event "PRO League Group Stage"]
[Site "chess.com INT"]
[Date "2020.02.17"]
[Round "7"]
[White "Holm, Kristian Stuvik"]
[Black "Asis Gargatagli, Hipolito"]
[Result "1-0"]
[WhiteTitle "IM"]
[BlackTitle "GM"]
[WhiteElo "2484"]
[BlackElo "2490"]
[WhiteTeam "Norway Gnomes"]
[BlackTeam "Spain Raptors"]
[WhiteFideId "1508083"]
[BlackFideId "2260735"]
[EventDate "2020.01.06"]

1. d4 Nf6 2. c4 e6 3. Nc3 Bb4 4. Qc2 b6 5. e4 c5 6. d5 Qe7 7. Ne2 O-O 8. Bd2 d6
9. f3 Nbd7 10. a3 Bxc3 11. Nxc3 exd5 12. cxd5 Bb7 13. Be2 a6 14. a4 b5 15. Kf2
b4 16. Nd1 Ne8 17. Ne3 g6 18. Rhe1 Ng7 19. Kg1 Rae8 20. Bf1 h5 21. Nc4 Ne5 22.
Na5 Qc7 23. Bxb4 Bc8 24. Bc3 f5 25. Nc4 fxe4 26. Nxe5 dxe5 27. Qxe4 Bf5 28. Qc4
Kh7 29. b4 Qf7 30. bxc5 e4 31. Qd4 1-0

[Event "PRO League Group Stage"]
[Site "chess.com INT"]
[Date "2020.02.17"]
[Round "7"]
[White "Niemann, Hans Moke"]
[Black "Herrera Reyes, Jose Antonio"]
[Result "1-0"]
[WhiteTitle "IM"]
[BlackTitle "FM"]
[WhiteElo "2465"]
[BlackElo "2304"]
[WhiteTeam "Norway Gnomes"]
[BlackTeam "Spain Raptors"]
[WhiteFideId "2093596"]
[BlackFideId "2274914"]
[EventDate "2020.01.06"]

1. Nf3 f6 2. d4 g6 3. e4 Kf7 4. d5 Kg7 5. h4 h5 6. e5 d6 7. e6 c6 8. c4 b5 9.
Nc3 bxc4 10. Bxc4 Nh6 11. Nd4 c5 12. Nde2 Ng4 13. Nf4 Ne5 14. Be2 Ba6 15. Ne4
Kh7 16. Bd2 Bh6 17. g3 Qb6 18. Bc3 Bb7 19. Bxe5 dxe5 20. Nxg6 Qb4+ 21. Nc3 Kxg6
22. Bd3+ f5 23. Bxf5+ Kxf5 24. Qxh5+ Kf6 25. Qf7# 1-0

[Event "PRO League Group Stage"]
[Site "chess.com INT"]
[Date "2020.02.17"]
[Round "7"]
[White "Xiong, Jeffery"]
[Black "Leitao, Rafael"]
[Result "1-0"]
[WhiteTitle "GM"]
[BlackTitle "GM"]
[WhiteElo "2712"]
[BlackElo "2592"]
[WhiteTeam "Saint Louis Arch Bishops"]
[BlackTeam "Brazil Capybaras"]
[WhiteFideId "2047640"]
[BlackFideId "2101246"]
[EventDate "2020.01.06"]

1. d4 Nf6 2. c4 e6 3. Nc3 Bb4 4. Qc2 c5 5. dxc5 Bxc5 6. Nf3 Nc6 7. Bg5 Nd4 8.
Nxd4 Bxd4 9. e3 Qa5 10. exd4 Qxg5 11. Qd2 Qxd2+ 12. Kxd2 d6 13. Bd3 Bd7 14. Rhe1
O-O 15. Rac1 a5 16. f3 Bc6 17. Be4 Rfc8 18. Bxc6 Rxc6 19. Nb5 Kf8 20. a4 b6 21.
Rc3 Rd8 22. g4 g5 23. h4 h6 24. b3 Kg7 25. Rcc1 Rcc8 26. Na7 Rc7 27. Nb5 Rcc8
28. h5 Rd7 29. Re3 Rdd8 30. Rd3 Rd7 31. d5 e5 32. Nc3 Re8 33. Re1 Rde7 34. Rde3
Rd8 35. Ne2 e4 36. Nd4 Ree8 37. Nf5+ Kh7 38. Ng3 exf3 39. Rxf3 Rxe1 40. Kxe1
Nxg4 41. Rxf7+ Kg8 42. Rb7 Re8+ 43. Kd2 Re3 44. Nf5 Rxb3 45. Nxd6 Ne5 46. Kc2
Rb4 47. Kc3 Rb1 48. Kd4 Nf3+ 49. Ke4 g4 50. Kf5 g3 51. Kf6 Nh4 52. Rb8+ Kh7 53.
Rb7+ Kg8 54. Rg7+ Kf8 55. Rf7+ Kg8 56. Rg7+ Kf8 57. Rxg3 Rf1+ 58. Ke6 Nf3 59.
Nb5 Ng5+ 60. Kd7 Ne4 61. Rg6 Nc5+ 62. Kc6 Nxa4 63. d6 Nc5 64. Kxb6 Nd7+ 65. Kxa5 1-0

[Event "PRO League Group Stage"]
[Site "chess.com INT"]
[Date "2020.02.17"]
[Round "7"]
[White "Mekhitarian, Krikor Sevag"]
[Black "Dominguez Perez, Leinier"]
[Result "1/2-1/2"]
[WhiteTitle "GM"]
[BlackTitle "GM"]
[WhiteElo "2563"]
[BlackElo "2758"]
[WhiteTeam "Brazil Capybaras"]
[BlackTeam "Saint Louis Arch Bishops"]
[WhiteFideId "2107660"]
[BlackFideId "3503240"]
[EventDate "2020.01.06"]

1. Nf3 d5 2. c4 e6 3. e3 Nf6 4. b3 b6 5. Bb2 Bb7 6. Nc3 Nbd7 7. cxd5 exd5 8. Rc1
a6 9. d4 Bd6 10. g3 Qe7 11. Bg2 O-O-O 12. O-O Kb8 13. Ne2 Ne4 14. Nf4 h5 15. Nd3
f6 16. b4 Bxb4 17. Nxb4 Qxb4 18. Qc2 Qd6 19. Nh4 Rc8 20. f3 Ng5 21. e4 Rhe8 22.
Rfe1 Qf8 23. e5 fxe5 24. dxe5 Qc5+ 25. Qxc5 Nxc5 26. Rcd1 Na4 27. Ba1 c5 28. f4
Ne4 29. Bxe4 dxe4 30. f5 c4 31. Bd4 c3 32. e6 Nb2 33. Bxg7 Nxd1 34. Rxd1 c2 35.
Rc1 Red8 36. Bh6 Rd1+ 37. Kf2 Rc3 38. Ke2 Rxc1 39. Bxc1 Bd5 40. Ng2 Rf3 41. Ne3
Bxa2 42. Kd2 Rf2+ 43. Kc3 Kc8 44. h3 Kd8 45. g4 hxg4 46. hxg4 Ke7 47. Nxc2 Bxe6
48. fxe6 Kxe6 49. Be3 Rg2 50. Bxb6 Rxg4 51. Ne3 Rh4 52. Kd4 Kf7 53. Bc7 Rh1 54.
Kxe4 Ke6 55. Kd4 Rc1 56. Nc4 Kd7 57. Bf4 Rd1+ 58. Kc5 Rb1 59. Bd2 Rb5+ 60. Kd4
Kc6 61. Na5+ Kb6 62. Nc4+ Kc7 63. Ba5+ Kc6 64. Ne5+ Kd6 65. Nc4+ Ke6 66. Kc3 Kd5
67. Nb6+ Kc6 68. Nc4 Kd5 69. Nb6+ Kc5 70. Na4+ Kc6 71. Bb4 Rh5 72. Kb3 Rh3+ 73.
Nc3 Kb6 74. Be7 a5 75. Bd8+ Ka6 76. Bf6 Rg3 77. Be5 Rg4 78. Bd6 Kb6 79. Be7 Kc6
80. Bd8 Rb4+ 81. Ka3 Rc4 82. Kb3 Rb4+ 83. Ka3 Rc4 84. Kb3 Rb4+ 1/2-1/2

[Event "PRO League Group Stage"]
[Site "chess.com INT"]
[Date "2020.02.17"]
[Round "7"]
[White "Villanueva, Mario"]
[Black "Robson, Ray"]
[Result "1-0"]
[WhiteTitle "IM"]
[BlackTitle "GM"]
[WhiteElo "2488"]
[BlackElo "2673"]
[WhiteTeam "Argentina Krakens"]
[BlackTeam "Chicago Wind"]
[WhiteFideId "113433"]
[BlackFideId "2023970"]
[EventDate "2020.01.06"]

1. e4 e5 2. Nf3 Nc6 3. Nc3 Nf6 4. Bb5 Nd4 5. Bd3 Nxf3+ 6. Qxf3 g6 7. Be2 Bg7 8.
d3 d6 9. Bg5 h6 10. Bd2 O-O 11. h4 Bg4 12. Qg3 Bxe2 13. Nxe2 d5 14. exd5 Qxd5
15. h5 Kh7 16. hxg6+ fxg6 17. Nc3 Qe6 18. O-O-O b5 19. Kb1 b4 20. Ne4 Nxe4 21.
dxe4 Qf6 22. Bxh6 Bxh6 23. Qh3 Qg5 24. Rd7+ Kg8 25. Qxh6 Qxh6 26. Rxh6 Rxf2 27.
Rxg6+ Kf8 28. b3 Rf7 29. Rd5 Re8 30. Rc6 Rg7 31. Rc4 Ree7 32. Rxb4 Rxg2 33. Rc4
Re2 34. Ra5 Ke8 35. Rxa7 Kd8 36. Ra8+ Kd7 37. a4 Rf7 38. Rxc7+ Kxc7 39. Ra7+ Kc6
40. Rxf7 Rxe4 41. Kb2 Re2 42. Kc3 e4 43. Re7 Kd6 44. Re8 Kd7 45. Rh8 Kc6 46. Rh5
e3 47. b4 Re1 48. a5 e2 49. Re5 Kd6 50. Re3 Kc6 51. Re8 Kd7 52. Re4 Kc6 53. Kd2
Rb1 54. Kxe2 Kd5 55. Rh4 Kc6 56. Kd3 Kb5 57. c3 Rg1 58. Rh5+ Ka4 59. a6 Rg3+ 60.
Kc4 Rg4+ 61. Kc5 Rg6 62. a7 Ra6 63. Rh7 Kb3 64. b5 1-0

[Event "PRO League Group Stage"]
[Site "chess.com INT"]
[Date "2020.02.17"]
[Round "7"]
[White "Obregon, Andres Carlos"]
[Black "Nyzhnyk, Illya"]
[Result "0-1"]
[WhiteTitle "GM"]
[BlackTitle "GM"]
[WhiteElo "2525"]
[BlackElo "2662"]
[WhiteTeam "Argentina Krakens"]
[BlackTeam "Chicago Wind"]
[WhiteFideId "111724"]
[BlackFideId "14118084"]
[EventDate "2020.01.06"]

1. e4 c6 2. d4 d5 3. exd5 cxd5 4. Nf3 Nc6 5. Ne5 Nf6 6. Bb5 Bd7 7. Nxd7 Qxd7 8.
O-O e6 9. c3 Bd6 10. Nd2 a6 11. Bd3 Qc7 12. Nf3 b5 13. Qe2 O-O 14. Bg5 Nd7 15.
Rad1 Nb6 16. a3 Rae8 17. Bh4 f6 18. Bg3 Bxg3 19. hxg3 Na5 20. Rfe1 Nac4 21. Qc2
g6 22. b3 Nd6 23. g4 g5 24. Re3 Qd7 25. Rde1 Re7 26. g3 Rfe8 27. Kg2 Na8 28. Rh1
Nc7 29. Rh6 Rf7 30. Re1 Ree7 31. Reh1 Nce8 32. Bxh7+ Rxh7 33. Qg6+ Kh8 34. Ne1
Rg7 35. Qd3 Rxh6 36. Rxh6+ Rh7 37. Qg6 Rxh6 38. Qxh6+ Kg8 39. Qg6+ Qg7 40. Qd3
Qh7 0-1

[Event "PRO League Group Stage"]
[Site "chess.com INT"]
[Date "2020.02.17"]
[Round "7"]
[White "Cori, Jorge"]
[Black "Perez Ponsa, Federico"]
[Result "1-0"]
[WhiteTitle "GM"]
[BlackTitle "GM"]
[WhiteElo "2652"]
[BlackElo "2559"]
[WhiteTeam "Chicago Wind"]
[BlackTeam "Argentina Krakens"]
[WhiteFideId "3802272"]
[BlackFideId "117927"]
[EventDate "2020.01.06"]

1. d4 Nf6 2. Nf3 d6 3. c4 c6 4. Nc3 Bf5 5. Nh4 Bc8 6. g3 g6 7. Bg2 Bg7 8. O-O
O-O 9. h3 e5 10. d5 cxd5 11. cxd5 Bd7 12. e4 b5 13. a3 a5 14. Be3 Qc8 15. a4
Bxh3 16. Nxb5 Bxg2 17. Kxg2 Na6 18. Rc1 Qd7 19. f3 Rfc8 20. Qd2 Nb4 21. Rxc8+
Rxc8 22. Rc1 Ne8 23. Bb6 Rxc1 24. Qxc1 Bf6 25. Bxa5 Nd3 26. Qd1 Nf4+ 27. gxf4
Bxh4 28. fxe5 dxe5 29. Bd2 Nf6 30. Qc2 Nh5 31. Qc7 Qe8 32. Nd6 Qf8 33. Qc8 Bd8
34. Nb7 1-0